[Event "5th Cesme Open 2017"]
[Site "Cesme"]
[Date "2017.06.18"]
[Round "9.18"]
[White "Tuncer, Tuna"]
[Black "Yerden, Huseyin Eren"]
[Result "1-0"]
[WhiteElo "2302"]
[BlackElo "1857"]
[Annotator "ChessBase"]
[PlyCount "55"]
[EventType "swiss"]
[EventCountry "TUR"]
[SourceTitle "playchess.com"]
[Source "ChessBase"]
[SourceQuality "1"]
[TimeControl "5400+30"]

1. e4 g6 2. d4 Bg7 3. Nf3 d6 4. Bc4 c6 5. Bb3 Bg4 {[%emt 0:02:00] ]} 6. Bxf7+ {[%emt 0:22:00] ]} Kxf7 {[%emt 0:01:30] ]} 7. Ng5+ {[%emt 0:00:00] ]} Ke8 {[%emt 0:00:30] ]} 8. Qxg4 {[%emt 0:00:00] ]} Bxd4 {[%emt 0:09:30] ]} 9. Qe6 {[%emt 0:01:30] ]} Nh6 {[%emt 0:12:30] ]} 10. Qh3 {[%emt 0:04:30] ]]} Nf7 {[%emt 0:04:30] ]]} 11. Nxf7 {[%emt 0:00:30] ]]} Kxf7 {[%emt 0:00:30] ]]} 12. Qb3+ {[%emt 0:00:30] ]]} Kg7 {[%emt 0:01:30] ]]} 13. Qxb7 {[%emt 0:01:30] ]]} Nd7 {[%emt 0:00:30] ]]} 14. O-O {[%emt 0:09:30] ]]} Ne5 {[%emt 0:02:30] ]]} 15. c3 {[%emt 0:02:30] ]]} Bb6 {[%emt 0:01:30] ]]} 16. Qa6 {[%emt 0:03:30] ]]} Rf8 {[%emt 0:04:30] ]]} 17. Qe2 {[%emt 0:01:30] ]]]} h5 {[%emt 0:03:30] [%clk 0:54] [%clk 0:54:0] ]} 18. h3 {[%emt 0:15:30] c%c} d5 {[%emt 0:04:30]} 19. exd5 {[%emt 0:05:30]} Qxd5 {[%emt 0:00:00]} 20. Be3 {[%emt 0:00:30] [%clk 0:31] [ [%clk 0:31:0]} Bxe3 {[%emt 0:10:00] %} 21. Qxe3 {[%emt 0:00:30] %} Rad8 {[%emt 0:06:30] %} 22. Nd2 {[%emt 0:04:30] %} Rf5 {[%emt 0:07:30]} 23. Nb3 {[%emt 0:03:30]} g5 {[%emt 0:06:30]} 24. Nd4 {[%emt 0:01:30]} Rf4 {[%emt 0:01:30]} 25. Rfe1 {[%emt 0:01:30]} Nc4 {[%emt 0:01:30]} 26. Qxe7+ {[%emt 0:02:30]} Rf7 {[%emt 0:00:30]} 27. Ne6+ {[%emt 0:00:00]} Kg6 {[%emt 0:00:30]} 28. Qxd8 {[%emt 0:00:00] [%clk 0:21]} 1-0

[Event "5th Cesme Open 2017"]
[Site "Cesme"]
[Date "2017.06.18"]
[Round "9.19"]
[White "Maden, Mirac Kerem"]
[Black "Lomsadze, Davit"]
[Result "1/2-1/2"]
[WhiteElo "1879"]
[BlackElo "2341"]
[Annotator "NA"]
[PlyCount "108"]
[EventType "swiss"]
[EventCountry "TUR"]
[SourceTitle "playchess.com"]
[Source "ChessBase"]
[SourceQuality "1"]
[TimeControl "5400+30"]

{[%evp 8,108,75,32767,32767,32767,32767,58,83,54,91,42,48,19,54,18,91,93,137,67,62,52,56,87,46,-72,32767,32767,32767,32767,32767,0,57,35,61,0,8,2,0,-438,-457,-424,-459,-414,-420,-514,-506,-529,-520,-493,-570,-635,-255,-254,-277,-281,-141,-226,-195,-295,-276,-537,-654,-734,-505,-527,32767,32767,-554,-483,-212,-175,-14,-393,0,0,0,0,0,0,0,0,32767,32767,32767,32767,32767,32767,0,0,0,0,0,0,0,0,0,0,0,0,0,0,0]} 1. d4 {[%emt 0:00:30]} g6 {[%emt 0:05:00]} 2. c4 {[%emt 0:00:00]} Bg7 {[%emt 0:00:30]} 3. Nf3 {[%emt 0:00:00]} c5 {[%emt 0:00:30]} 4. d5 {[%emt 0:00:00]} e5 {[%emt 0:00:00]} 5. e4 {[%emt 0:00:00]} d6 {[%emt 0:00:00]} 6. Nc3 {[%emt 0:00:30]} h6 {[%emt 0:00:00] A44: Semi-Benoni} (6... Ne7 7. h4 h6 8. Be3 Nd7 9. h5 f5 10. hxg6 f4 11. Bd2 Nxg6 12. Nh4 Nxh4 13. Qh5+ Kf8 14. Qxh4 Qxh4 15. Rxh4 {½-½ (34) Troff,K (2528)-Kadric,D (2546) Dallas 2016}) 7. Be2 {[%emt 0:05:30]} Ne7 {[%emt 0:07:00] [%c} 8. Be3 {[%emt 0:11:00] ][%c} O-O $146 {[%emt 0:01:30] ][%c} ({Predecessor:} 8... a6 9. Nd2 f5 10. f3 Nd7 11. Qc2 Nf6 12. a3 Bd7 13. b4 b6 14. Rb1 {1-0 (63) Tamas,K (1988)-Joo,J (2066) Hungary 2016}) 9. Qc2 {[%emt 0:01:30] ][%c} (9. Qd2 $16) 9... f5 {[%emt 0:00:30] ][%c} 10. O-O-O {[%emt 0:00:30] ][%c} Na6 {[%emt 0:02:30] ][%c} 11. a3 {[%emt 0:02:30] ]%%} f4 {[%emt 0:00:30] ]]%} (11... Nc7 $11 {keeps the balance.}) 12. Bd2 {[%emt 0:00:30] ]]%} g5 {[%emt 0:00:30] ]]%} 13. g4 {[%emt 0:04:30] ]]%%} Ng6 {[%emt 0:00:30] ]]%%} 14. Rdg1 {[%emt 0:07:30] ]]%} (14. h4 $5) 14... Bf6 {[%emt 0:00:30] ]]] [#]} 15. h4 $1 {[%emt 0:04:30] ]]]} Nxh4 {[%emt 0:00:30] ]]]} 16. Nxh4 $14 {[%emt 0:01:30] ]]] stays ahead.} (16. Rxh4 {[%emt 0:01:30]}) 16... gxh4 {[%emt 0:00:30] ]]]} 17. g5 {[%emt 0:00:30] ]]]} Bxg5 {[%emt 0:00:30] ]]]} 18. Rxh4 {[%emt 0:00:30] ]]]} Qf6 {[%emt 0:03:30] ]]]} 19. Qd1 {[%emt 0:07:30] ]]} Kf7 {[%emt 0:00:30] ]]]} (19... Nc7 $11) 20. Rh5 {[%emt 0:02:30] ]]]} Ke7 {[%emt 0:00:30] ]]]} 21. Qb3 {[%emt 0:04:30] ]]]} Nc7 {[%emt 0:01:30] ]]]} 22. Bg4 {[%emt 0:03:30] ]]]} Bxg4 {[%emt 0:02:30] ]]]} 23. Qxb7 $2 {[%emt 0:01:30] ]]]]} (23. Rxg4 $11 {and White has nothing to worry.} Rab8 24. Rg1) 23... Bxh5 {[%emt 0:00:00] ]]]]} 24. Qxc7+ {[%emt 0:00:30] ]]]} Ke8 {[%emt 0:00:00] ]]]} 25. Nb5 {[%emt 0:01:30] ]]]} Rd8 {[%emt 0:00:00] ]]]} 26. Ba5 {[%emt 0:04:30] ]]]} Rd7 {[%emt 0:01:00] ]]]} 27. Qc6 {[%emt 0:01:30] ]]]} Ke7 {[%emt 0:00:30] ]]} 28. b4 {[%emt 0:01:30] ]]]} cxb4 {[%emt 0:03:30] [%clk 1:16][[} 29. c5 {[%emt 0:03:30] %%%l} Be8 {[%emt 0:05:30] %%%%} (29... dxc5 $142 30. Qxc5+ Kf7 31. Bxb4 Rg8 32. Nd6+ Kg6) 30. Nxd6 {[%emt 0:00:30] % [%clk 0:37:0] ckcl} bxa3 {[%emt 0:03:30] ]%} 31. f3 {[%emt 0:06:30] ]%} Rf7 {[%emt 0:06:30] [%clk 1:02] ] [%clk 1:02:0]} (31... Rh8 $19 32. Nf5+ Kf7) 32. Nxf7 {[%emt 0:23:04] c} (32. Nxe8 $17 {keeps fighting.} Kxe8 33. Qb5) 32... Kxf7 {[%emt 0:01:30] 2]} 33. Qc8 {[%emt 0:00:01] [#]} (33. Qb5 {was worth a try.}) 33... Qe7 $1 {[%emt 0:03:30] 5]} 34. Rg2 $2 {[%emt 0:00:01]} (34. Kd2 a2 35. c6 Rxd5+ 36. exd5) 34... Rb7 {[%emt 0:02:30] 4]} 35. Rc2 {[%emt 0:01:26]} Qd7 {[%emt 0:01:30] 8]} 36. Qxd7+ {[%emt 0:04:04]} Bxd7 {[%emt 0:00:30] 4} 37. c6 {[%emt 0:00:04]} Rb5 {[%emt 0:00:30] 2]} 38. Bc3 {[%emt 0:00:09] [#]} Bxc6 {[%emt 0:03:30] ]]} (38... Bg4 $142 $1 39. Rf2 (39. fxg4 f3+) 39... Rc5) 39. dxc6 {[%emt 0:00:07]} Rc5 $2 {[%emt 0:00:30] 4]} (39... Bd8 $19 40. Bxe5 Rxe5) 40. Bxe5 $2 {[%emt 0:01:18]} (40. Ba1 $11 Rxc2+ 41. Kxc2) 40... Rxc2+ $2 {[%emt 0:00:00] 1]} (40... Rxe5 $19 41. c7 {[#]} a2 $1 {[%mdl 512]} 42. Rxa2 Re8) 41. Kxc2 {[%emt 0:00:31]} Ke6 {[%emt 0:00:00] ]} 42. c7 {[%emt 0:01:32]} Kd7 {[%emt 0:00:30] 3]} 43. Bd6 {[%emt 0:00:08]} h5 {[%emt 0:00:30] 5]} 44. e5 {[%emt 0:00:01] [%clk 0:04.30] k} h4 {[%emt 0:02:30] ]} 45. e6+ {[%emt 0:01:11] %} Kc8 {[%emt 0:00:30] 3} 46. Bxf4 {[%emt 0:00:03] %} Be7 {[%emt 0:00:30] 0} 47. Be5 {[%emt 0:00:28] %} h3 {[%emt 0:00:30] 2} 48. Kb3 {[%emt 0:01:26]} Kb7 {[%emt 0:00:30] 5} 49. Ka2 {[%emt 0:00:59]} a5 {[%emt 0:00:00] 7} 50. Kb3 {[%emt 0:00:27]} a4+ {[%emt 0:00:00] 0} 51. Ka2 {[%emt 0:00:02]} Bb4 {[%emt 0:00:30] 8} 52. Bg3 {[%emt 0:00:42] [%clk 0:03.46]} Be7 {[%emt 0:02:30]} 53. Be5 {[%emt 0:00:14]} Kc8 {[%emt 0:00:30]} 54. Bg3 {[%emt 0:00:39]} Kb7 $11 {[%emt 0:00:30]} 1/2-1/2

[Event "5th Cesme Open 2017"]
[Site "Cesme"]
[Date "2017.06.18"]
[Round "9.20"]
[White "Gokerkan, Cem Kaan"]
[Black "Kocak, Can"]
[Result "1-0"]
[WhiteElo "2333"]
[BlackElo "1930"]
[Annotator "NA"]
[PlyCount "161"]
[EventType "swiss"]
[EventCountry "TUR"]
[SourceTitle "playchess.com"]
[Source "ChessBase"]
[SourceQuality "1"]
[TimeControl "5400+30"]

{[%evp 8,161,62,47,72,58,65,61,61,29,43,23,214,55,74,88,95,76,169,164,213,87,133,152,134,157,154,144,152,144,140,145,188,126,127,109,134,116,133,114,175,164,32767,172,162,179,175,179,168,183,178,175,193,189,262,285,275,32767,32767,32767,32767,32767,32767,32767,32767,32767,32767,32767,32767,32767,32767,32767,32767,32767,32767,32767,32767,32767,32767,32767,32767,32767,32767,32767,32767,32767,32767,32767,32767,32767,32767,32767,32767,324,32767,32767,32767,32767,32767,32767,389,163,32767,32767,32767,32767,32767,32767,32767,32767,32767,32767,32767,32767,202,32767,193,232,203,489,32767,264,256,32767,1201,32767,762,32767,796,1061,511,0,1114,0,802,32767,32767,914,32767,32767,32767,777,1554,29958,12837,29980,29980,29983,12843,29984,29984,12847,29985,12847,29986,29987]} 1. e4 {[%emt 0:13:30] ]06[[clk} d6 {[%emt 0:00:00] ]06[[clk} 2. d4 {[%emt 0:00:30] ]06[[clk} Nf6 {[%emt 0:00:30] ]0[[[cl} 3. Nc3 {[%emt 0:00:00] ]00[[cl} g6 {[%emt 0:00:30] ]00[[cl} 4. Be3 {[%emt 0:01:00] ]00[[c} c6 {[%emt 0:00:00] ]00[[c} 5. a4 {[%emt 0:04:30] ]]0[[c LiveBook: 48 Games} Ng4 {[%emt 0:09:00] ]]0[[c} 6. Bg5 {[%emt 0:02:30] ]][[[[} h6 {[%emt 0:00:30] ]]][[[} 7. Bh4 {[%emt 0:00:00] ]]][[[} Bg7 {[%emt 0:00:30] ]]][[[} 8. Nf3 {[%emt 0:00:00] ]]][[[} O-O {[%emt 0:00:30] ]]][[[} 9. Bc4 {[%emt 0:03:30] ]]][[[} Qb6 $2 {[%emt 0:11:30] ]]]][[} (9... Nd7 $14) 10. Bb3 {[%emt 0:01:30] ]]]][[} (10. Bxe7 $18 Qxb2 11. Ne2) 10... Re8 {[%emt 0:11:30] ]]]]][} 11. O-O {[%emt 0:01:30] ]]]]][} e5 {[%emt 0:00:30] ]]]][[} 12. dxe5 {[%emt 0:04:30] ]]]]][} dxe5 {[%emt 0:01:30] ]]]]][} (12... Nxe5 $16 {was worth a try.} 13. Qxd6 (13. Nxe5 dxe5 14. Qf3 Qc7 $14) 13... Nxf3+ 14. gxf3 Be6) 13. Qd6 {[%emt 0:01:30] ]]]]][} g5 {[%emt 0:06:30] ]]]]]] [#]} (13... Na6 $16) 14. Bg3 {[%emt 0:05:30] ]]]]]]} ({But not} 14. Qg6 $2 Qxb3 15. Qxg7+ Kxg7 $19) (14. Bxg5 $1 $18 {[%mdl 512] is the precise move to win.} Na6 (14... hxg5 15. Nxg5) 15. Be7 (15. Qg6 $2 Qxb3 16. Qxg7+ Kxg7 $19)) 14... Nd7 {[%emt 0:09:30] [%clk 0:45] [%clk 0:45:0] ]]][[} 15. h4 {[%emt 0:16:30] c%clk000:5} ({Much weaker is} 15. Qg6 $6 Qxb3 16. Qxg7+ Kxg7 $14) ({Don't take} 15. h3 Ngf6 $16) 15... gxh4 {[%emt 0:06:30] c%cck00} 16. Nxh4 {[%emt 0:00:30] ]cccc0} Nf8 {[%emt 0:01:30] [%clk 0:38] [%clkk:} 17. a5 {[%emt 0:05:30] %%llk [:0%clk 0:36] %%llk [%:0clk 0:36] %%llk} Qd4 {[%emt 0:01:30] %%%lk} 18. Rfd1 {[%emt 0:00:00] %%%lk} Qxd6 {[%emt 0:00:30] %%%%kk} 19. Rxd6 {[%emt 0:00:00] %%%%kk} Be6 {[%emt 0:00:30] [%clk 0:36] %%clkk} 20. Bxe6 {[%emt 0:02:30] [ccckk} (20. a6 $18) 20... Nxe6 {[%emt 0:01:30] [[ccck} 21. Nf5 {[%emt 0:02:30] [[[} Bf8 {[%emt 0:06:30] ][[} 22. Rd7 {[%emt 0:01:30] ][[} Nc5 {[%emt 0:02:30] ][} 23. Rd2 {[%emt 0:01:30] ][[} h5 {[%emt 0:01:30] ][[} 24. f3 {[%emt 0:00:30] ][[} Nh6 {[%emt 0:00:00] ][[} 25. Nd6 {[%emt 0:02:30] ][[} Re6 {[%emt 0:01:00] ][[} 26. Rad1 {[%emt 0:00:30] ][} Rd8 {[%emt 0:02:30] ]]} 27. Nc4 $1 {[%emt 0:01:30] ]]} Rxd2 {[%emt 0:00:30] ]]} 28. Rxd2 {[%emt 0:00:30] ]]} ({But not} 28. Nxd2 f5 $16) 28... f6 {[%emt 0:00:30] ]]} 29. Rd8 {[%emt 0:04:30] [%clk 0:24] %c%klk} Nf7 {[%emt 0:15:50] kk} 30. Ra8 {[%emt 0:00:30] 0]kkk} Nd7 {[%emt 0:01:05] kk} (30... Nd6 $142) 31. Bf2 {[%emt 0:00:30] ] [%clk 0:24:0] c%ll} a6 {[%emt 0:00:08] c [%clk 0:09:27] 455]]} 32. Rc8 {[%emt 0:06:45]} Re7 {[%emt 0:01:46]} 33. Na4 {[%emt 0:00:23] ]} Ng5 {[%emt 0:03:42] ]]} 34. Nc5 {[%emt 0:01:59] ]]} Rg7 {[%emt 0:00:17] [%clk 0:05.18] ]} 35. Kf1 {[%emt 0:03:42] %%lc} Nxc5 {[%emt 0:00:24] %%%c} 36. Bxc5 {[%emt 0:00:30] %%%c} Ne6 {[%emt 0:00:30] %%%} 37. Bxf8 {[%emt 0:00:11] %%%} Nxf8 {[%emt 0:00:01] % [%clk 0:03:38]] % [%clk 0:04:31]} 38. Rd8 {[%emt 0:04:39] [} Rd7 {[%emt 0:02:39]} 39. Rxd7 {[%emt 0:00:30]} Nxd7 {[%emt 0:00:30]} 40. Nd6 {[%emt 0:00:30] ]} b6 {[%emt 0:00:30] ]} 41. Nc8 {[%emt 0:00:30] ] [%clk 0:10.27]} bxa5 {[%emt 0:00:30] ] [} 42. Ne7+ {[%emt 0:00:30] ]] [} Kf7 {[%emt 0:00:30] ]]} 43. Nxc6 {[%emt 0:00:30] ]} a4 {[%emt 0:00:30] ]]} 44. Ke2 {[%emt 0:00:30] ]]} Ke6 {[%emt 0:00:30] ]} 45. Kd3 {[%emt 0:00:30] ]]} Kd6 {[%emt 0:00:30] ]]} 46. Nb4 {[%emt 0:00:30] ]} a5 {[%emt 0:00:30] ]] [%clk 0:03.30]} 47. Nd5 {[%emt 0:00:30] ]]} f5 {[%emt 0:00:30] ]]} 48. Nc3 {[%emt 0:00:30] ]]} Nc5+ {[%emt 0:00:30] ]]} 49. Kc4 {[%emt 0:00:30] ]]} f4 {[%emt 0:00:30] ]} 50. Kb5 {[%emt 0:01:07] ]} h4 {[%emt 0:03:22] ]} 51. Kxa5 {[%emt 0:00:27] ]} Kc6 {[%emt 0:00:41] ]} 52. Kb4 {[%emt 0:00:32] ]} Ne6 {[%emt 0:00:22] ]} 53. Ne2 {[%emt 0:00:01] ]]} Nc5 {[%emt 0:00:41] ]]} 54. Ng1 {[%emt 0:00:39] ]} (54. Nc1 $142) 54... Ne6 {[%emt 0:00:26] ]]} 55. Kxa4 {[%emt 0:00:15] ]]} Nd4 {[%emt 0:00:04] ]} 56. c3 {[%emt 0:00:08] ]} Nc2 {[%emt 0:00:10] ]} 57. Ka5 {[%emt 0:04:40] [%clk 0:05.38] ]} Ne3 {[%emt 0:00:22] c[} 58. b4 {[%emt 0:00:24]} Nxg2 {[%emt 0:00:30]} 59. Ka6 {[%emt 0:00:06]} Ne3 {[%emt 0:00:46]} 60. b5+ {[%emt 0:00:01]} Kc7 {[%emt 0:00:00] ]} 61. b6+ {[%emt 0:00:29] ]} Kb8 {[%emt 0:00:00] ]} 62. Kb5 {[%emt 0:03:41] ]} Kb7 {[%emt 0:01:02] ]} 63. Kc5 {[%emt 0:00:39] ]} Ng2 {[%emt 0:01:38] ]} 64. c4 {[%emt 0:01:00] ]} Ne3 {[%emt 0:00:15] ]} 65. Nh3 {[%emt 0:00:07]} Ng2 $2 {[%emt 0:00:46] ]} (65... Ka6 66. Kc6 Nxc4) 66. Kd6 {[%emt 0:00:41] ]} Ne3 {[%emt 0:00:19] ]} 67. c5 {[%emt 0:00:13] ]} Nc4+ $1 {[%emt 0:00:40] ]} 68. Kd7 $2 {[%emt 0:01:08] [%clk 0:01.29] ]} Na5 {[%emt 0:00:21] %} 69. Kd6 $2 {[%emt 0:01:04] %} (69. Ng5 $18 Nc6 70. Kd6) 69... Nc4+ {[%emt 0:00:24]} 70. Kd7 {[%emt 0:00:01]} Na5 {[%emt 0:00:17]} 71. Ke6 {[%emt 0:00:42]} Nc4 {[%emt 0:00:51] [%clk 0:01.13]} 72. Kd5 $18 {[%emt 0:01:46]} Nd2 {[%emt 0:00:00]} 73. Kxe5 {[%emt 0:00:38]} Nxf3+ {[%emt 0:00:28]} 74. Kxf4 {[%emt 0:00:01]} Nd4 {[%emt 0:00:39]} 75. Ke5 {[%emt 0:00:30]} Nc6+ {[%emt 0:00:22]} 76. Kd6 {[%emt 0:00:07]} Nd8 {[%emt 0:00:18]} 77. e5 {[%emt 0:00:13]} Nf7+ {[%emt 0:00:12]} 78. Kd5 {[%emt 0:00:01]} Nd8 {[%emt 0:00:55]} 79. e6 {[%emt 0:00:19]} Nc6 {[%emt 0:00:14]} 80. Kd6 {[%emt 0:00:08]} Nd4 {[%emt 0:00:37]} 81. e7 {[%emt 0:00:08]} 1-0

[Event "5th Cesme Open 2017"]
[Site "Cesme"]
[Date "2017.06.18"]
[Round "9.21"]
[White "Bektas, Cagan Erdem"]
[Black "Tokat, Nehir"]
[Result "0-1"]
[WhiteElo "1319"]
[BlackElo "1493"]
[Annotator "NA"]
[PlyCount "118"]
[EventType "swiss"]
[EventCountry "TUR"]
[SourceTitle "playchess.com"]
[Source "ChessBase"]
[SourceQuality "1"]
[TimeControl "5400+30"]

1. e4 c5 2. Nf3 g6 3. d4 cxd4 4. Nxd4 Bg7 5. Nc3 Nc6 6. Be3 Nf6 7. Be2 O-O 8. Qd2 d5 {[%emt 0:01:30] ]]7]} 9. Nxc6 {[%emt 0:18:30] ]]7]} bxc6 {[%emt 0:00:00] ]]7]} 10. Rd1 {[%emt 0:01:30] ]]7]} Be6 {[%emt 0:07:00] ]]7]} 11. exd5 {[%emt 0:02:30] ]]7]} Nxd5 {[%emt 0:00:30] ]]]]} 12. Bd4 {[%emt 0:09:30] ]]]]} Bxd4 {[%emt 0:02:30] ]]]]} 13. Qxd4 {[%emt 0:00:30] ]]]]} Qb6 {[%emt 0:00:30] ]]]]} 14. Na4 {[%emt 0:15:30] ]]]]} Qa5+ {[%emt 0:03:30] ]]]]} 15. c3 {[%emt 0:03:30] ]]]]]} Rad8 {[%emt 0:03:30] ]]]]]} 16. b3 {[%emt 0:10:30] [%clk 0:35]]%98} Nb6 {[%emt 0:09:30] %%clkk} 17. Qxd8 {[%emt 0:01:30] %%cckk} Rxd8 {[%emt 0:00:30] %%cckk} 18. Rxd8+ {[%emt 0:00:30] %%ccck} Kg7 {[%emt 0:00:30] %%ccck} 19. Rd3 {[%emt 0:02:30] ]%%ccc} Nxa4 {[%emt 0:01:30] ]%%ccc} 20. bxa4 {[%emt 0:00:30] ]%%cc} Qxa4 {[%emt 0:00:30] [%clk 1:09] %%9} 21. O-O {[%emt 0:04:30] [%ckkk1} Qxa2 {[%emt 0:01:30] [%%kk1} 22. Re1 {[%emt 0:01:30] ][%%%} a5 {[%emt 0:00:30] ][%%%} 23. Rdd1 {[%emt 0:03:30] ][%%} Qb3 {[%emt 0:02:30] ][%%} 24. Rc1 {[%emt 0:01:30] ][[%} a4 {[%emt 0:02:30] ][[%} 25. Bf3 {[%emt 0:03:30] ][[%} c5 {[%emt 0:01:30] [%clk 1:03]%%} 26. Bd1 {[%emt 0:01:30] %%cl [%clk 0:05:40] 4} Qa3 {[%emt 0:00:30] %%cl [%clk 0:24:0] 00} 27. Bc2 {[%emt 0:00:30] %%c [%clk 0:05:40]} Qa2 {[%emt 0:01:30] %%cc [%clk 0:24:0] ]]} 28. Bb1 {[%emt 0:01:28] k [%clk 0:19:02] :]] [%clk 0:05:40]]} Qc4 {[%emt 0:05:30] ]2 [%clk 0:24:0] .0} 29. Rc2 {[%emt 0:03:46] [%clk 0:05.40]0} a3 {[%emt 0:04:30] 6] [%clk 0:24:0] 4]} 30. Ba2 {[%emt 0:02:49] [%clk 0:05.40]} Qd3 {[%emt 0:03:30] 2]] [%clk 0:24:0] 0} 31. Rce2 {[%emt 0:01:04] ] [%clk 0:05:40]} Qxc3 {[%emt 0:03:30] ]3] [%clk 0:24:0] 4]} 32. Bxe6 {[%emt 0:00:54] ] [%clk 0:05:40]} fxe6 {[%emt 0:00:00] 9]] [%clk 0:24:0] 4]} 33. Kf1 {[%emt 0:01:20] ] [%clk 0:05:40]} Qc4 {[%emt 0:07:00] 3]] [%clk 0:24:0] 4]} 34. Ra1 {[%emt 0:02:00] ] [%clk 0:05:40]} Kf6 {[%emt 0:02:30] 9]] [%clk 0:24:0] 4]} 35. Raa2 {[%emt 0:01:14] [%clk 0:08.28] 2: [%clk 0:05:40] 00} Qd3 {[%emt 0:03:30] ]5 [%clk 0:24:0] 2} 36. f3 {[%emt 0:01:27] %[ [%clk 0:05:40]} c4 {[%emt 0:00:30] 8] [%clk 0:24:0] 54} 37. Kf2 {[%emt 0:00:23] %[ [%clk 0:05:40]} Qd4+ {[%emt 0:01:30] ]] [%clk 0:24:0] 54} 38. Kf1 {[%emt 0:00:32] % [%clk 0:08:33] [%clk 0:05.40] ]0} c3 {[%emt 0:04:30] 3 [%clk 0:24:0] ..} 39. Rec2 {[%emt 0:01:04] % [%clk 0:05:34] [%} e5 {[%emt 0:07:30] ]]} 40. Re2 {[%emt 0:03:01]} e6 {[%emt 0:00:30] 8]} 41. Rec2 {[%emt 0:00:30]} e4 {[%emt 0:00:30] ]8} 42. fxe4 {[%emt 0:00:30]} Qxe4 {[%emt 0:00:30] 8]} 43. Rf2+ {[%emt 0:00:04] [%clk 0:05.02] ]} Kg7 {[%emt 0:02:30] ]} 44. Rfc2 {[%emt 0:01:22] c} e5 {[%emt 0:00:30] 0} 45. Kf2 {[%emt 0:00:30]} Qd4+ {[%emt 0:00:30] 2} 46. Kf1 {[%emt 0:00:30] [%clk 0:02.58]} e4 {[%emt 0:03:58]} 47. g3 {[%emt 0:02:34]} e3 {[%emt 0:00:30]} 48. Ke2 {[%emt 0:00:30]} Qe4 {[%emt 0:00:30]} 49. h3 {[%emt 0:00:30]} g5 {[%emt 0:00:30]} 50. g4 {[%emt 0:00:30]} h6 {[%emt 0:00:30]} 51. Ke1 {[%emt 0:00:30]} Kg6 {[%emt 0:00:30]} 52. Ke2 {[%emt 0:00:30]} h5 {[%emt 0:00:30]} 53. gxh5+ {[%emt 0:00:30]} Kxh5 {[%emt 0:00:30]} 54. Kd1 {[%emt 0:00:30]} Kh4 {[%emt 0:00:30]} 55. Ke1 {[%emt 0:00:30]} Kxh3 {[%emt 0:00:30]} 56. Rh2+ {[%emt 0:00:30]} Kg3 {[%emt 0:00:30]} 57. Rhc2 {[%emt 0:00:30]} Kf3 {[%emt 0:00:30]} 58. Kf1 {[%emt 0:00:30]} e2+ {[%emt 0:00:30]} 59. Ke1 {[%emt 0:00:30]} Qh4# {[%emt 0:00:00]} 0-1

[Event "5th Cesme Open 2017"]
[Site "Cesme"]
[Date "2017.06.18"]
[Round "9.22"]
[White "Daloglu, Berkay"]
[Black "Ciblakbas, Sertan"]
[Result "1-0"]
[WhiteElo "1659"]
[BlackElo "1628"]
[Annotator "NA"]
[PlyCount "75"]
[EventType "swiss"]
[EventCountry "TUR"]
[SourceTitle "playchess.com"]
[Source "ChessBase"]
[SourceQuality "1"]
[TimeControl "5400+30"]

1. Nf3 d5 2. c4 e6 3. b3 Nf6 4. Bb2 Be7 5. g3 O-O 6. Bg2 Nbd7 7. d4 {[%emt 0:05:30] 0} c6 {[%emt 0:10:00] ]0} 8. Nbd2 {[%emt 0:04:30] ]0} b6 {[%emt 0:05:30] ]0} 9. O-O {[%emt 0:00:30] ]0} Ba6 {[%emt 0:01:30] ]0} 10. Re1 {[%emt 0:01:30] ]0} Ne4 {[%emt 0:02:30] ]0} 11. Nxe4 {[%emt 0:04:30] ]0} dxe4 {[%emt 0:00:30] ]0} 12. Ne5 {[%emt 0:00:30] ]0} Nxe5 {[%emt 0:02:30] ]} 13. dxe5 {[%emt 0:00:30] ]]} e3 {[%emt 0:04:30] ]]} 14. Bxc6 {[%emt 0:13:30] ]]} exf2+ {[%emt 0:03:30] ]]} 15. Kxf2 {[%emt 0:00:00] ]]} Bc5+ {[%emt 0:01:30] ]]} 16. Kg2 {[%emt 0:07:00] ]]} Rc8 {[%emt 0:04:30] ]]} 17. Qxd8 {[%emt 0:13:30] ]]} Rfxd8 18. Be4 {[%emt 0:04:30] ]} Bd4 {[%emt 0:04:00] ]]} 19. Bxd4 {[%emt 0:00:30] ]]} Rxd4 {[%emt 0:00:30] ]]} 20. Bf3 {[%emt 0:00:30] ]} Rcd8 {[%emt 0:00:30] ]} 21. e3 {[%emt 0:00:30] ]} Rd2+ {[%emt 0:00:30] ]} 22. Re2 {[%emt 0:00:30] ]} Bb7 {[%emt 0:00:30] ]} 23. Kf2 {[%emt 0:00:30] ]} Bxf3 {[%emt 0:00:30] ]} 24. Kxf3 {[%emt 0:00:30] ]]} g5 {[%emt 0:00:30] [%clk 0:59]]} 25. g4 {[%emt 0:06:30] %c} R2d3 {[%emt 0:03:30] ]} 26. Rc1 {[%emt 0:00:00] ]} R8d4 {[%emt 0:00:30] ]} 27. Rec2 {[%emt 0:05:00] ]} Rd7 {[%emt 0:02:30] [%clk 0:54]} 28. h3 {[%emt 0:07:30] % [%clk 0:26:0]} Kf8 {[%emt 0:02:30]} 29. c5 {[%emt 0:04:30]} b5 {[%emt 0:00:30]} 30. Rc3 {[%emt 0:04:49]} Rxc3 {[%emt 0:04:30]} 31. Rxc3 {[%emt 0:00:31]} b4 {[%emt 0:00:30]} 32. Rc4 {[%emt 0:02:02]} a5 {[%emt 0:00:30]} 33. c6 {[%emt 0:00:21]} Rc7 {[%emt 0:00:00]} 34. Ke4 {[%emt 0:00:15]} Ke7 {[%emt 0:04:00]} 35. Kd4 {[%emt 0:00:10]} Kd8 {[%emt 0:00:30]} 36. Kc5 {[%emt 0:00:16]} Kc8 {[%emt 0:01:30]} 37. Kb6 {[%emt 0:00:21]} Kb8 {[%emt 0:00:30]} 38. Rc5 {[%emt 0:00:44]} 1-0

[Event "5th Cesme Open 2017"]
[Site "Cesme"]
[Date "2017.06.18"]
[Round "9.23"]
[White "Erke, Mustafa Yigit"]
[Black "Kuyucuogullari, Cagakan"]
[Result "0-1"]
[WhiteElo "1694"]
[BlackElo "1505"]
[Annotator "NA"]
[PlyCount "63"]
[EventType "swiss"]
[EventCountry "TUR"]
[SourceTitle "playchess.com"]
[Source "ChessBase"]
[SourceQuality "1"]
[TimeControl "5400+30"]

1. e4 d5 2. e5 c5 3. f4 Bf5 4. d4 e6 5. a3 {[%emt 0:03:30] ]} Nc6 {[%emt 0:15:00] ]} 6. Nf3 {[%emt 0:00:30] ]} Qb6 {[%emt 0:02:30] ]} 7. Nbd2 {[%emt 0:01:30] ]} Rc8 {[%emt 0:08:30] ]} 8. Bd3 {[%emt 0:08:30] ]]} Nh6 {[%emt 0:02:30] ]]} 9. O-O {[%emt 0:01:30] ]]} cxd4 {[%emt 0:02:30] ]]} 10. Nb3 {[%emt 0:00:30] ]]} Be7 {[%emt 0:04:30] ]]} 11. Kh1 {[%emt 0:13:30] ]} O-O {[%emt 0:00:30] ]]} 12. Bd2 {[%emt 0:02:30] [%clk 0:37]} a6 {[%emt 0:01:30] %cl} 13. Rc1 {[%emt 0:28:30] %%c} Rc7 {[%emt 0:00:30] %%c} 14. Qe2 {[%emt 0:00:00] % [%clk 0:37:0] lk} Rfc8 {[%emt 0:05:30]} 15. Rfe1 {[%emt 0:00:00]} Qa7 {[%emt 0:00:00]} 16. Bxf5 {[%emt 0:00:30]} Nxf5 {[%emt 0:01:00]} 17. Qd3 {[%emt 0:02:30]} h5 {[%emt 0:00:30]} 18. Re2 {[%emt 0:00:30]} b5 {[%emt 0:00:30]} 19. Rce1 {[%emt 0:01:30]} b4 {[%emt 0:02:30]} 20. axb4 {[%emt 0:02:30]} Bxb4 {[%emt 0:03:30] [%clk 0:44] 7 [%clk 0:44:0]} 21. Rf2 {[%emt 0:04:30]} Qb6 {[%emt 0:05:30]} 22. Rfe2 {[%emt 0:01:30]} a5 {[%emt 0:05:30]} 23. Rf2 {[%emt 0:00:30]} Bxd2 {[%emt 0:00:30]} 24. Qxd2 {[%emt 0:00:30]} a4 {[%emt 0:00:30]} 25. Nc1 {[%emt 0:01:30]} Qxb2 {[%emt 0:00:30]} 26. Nd3 {[%emt 0:01:30]} Qa2 {[%emt 0:00:30]} 27. Nb4 {[%emt 0:00:30]} Nxb4 {[%emt 0:00:30]} 28. Qxb4 {[%emt 0:03:30]} d3 {[%emt 0:04:30]} 29. Rc1 {[%emt 0:02:30]} dxc2 {[%emt 0:01:30]} 30. Nd4 {[%emt 0:00:30]} Rc4 {[%emt 0:00:30]} 31. Nxf5 {[%emt 0:00:30]} Rxb4 {[%emt 0:00:30]} 32. Ne7+ {[%emt 0:00:00]} 0-1